Ingreso nacional y corriente de fondos (Registro nro. 6760)
[ vista simple ]
| 000 -LEADER | |
|---|---|
| fixed length control field | 00792 a2200205 4500 |
| 001 - CONTROL NUMBER | |
| control field | 59623 |
| 005 - DATE AND TIME OF LATEST TRANSACTION | |
| control field | 20260407155850.0 |
| 008 - FIXED-LENGTH DATA ELEMENTS--GENERAL INFORMATION | |
| fixed length control field | 260407a1963 arg spa d |
| 003 - CONTROL NUMBER IDENTIFIER | |
| control field | AR-UNSa-BCEJYS |
| 040 ## - CATALOGING SOURCE | |
| Original cataloging agency | AR-UNSa-BCEJYS |
| Language of cataloging | spa |
| Transcribing agency | AR-UNSa-BCEJYS |
| 080 ## - UNIVERSAL DECIMAL CLASSIFICATION NUMBER | |
| Universal Decimal Classification number | 330.56 |
| Common auxiliary subdivision | Renta nacional. Producto nacional neto |
| 041 ## - LANGUAGE CODE | |
| Language code of text/sound track or separate title | spa |
| 100 1# - MAIN ENTRY--PERSONAL NAME | |
| Personal name | Powelson, John P. |
| 245 10 - TITLE STATEMENT | |
| Title | Ingreso nacional y corriente de fondos |
| Name of part/section of a work | conceptos, contabilidad y análisis |
| 264 #1 - PRODUCTION, PUBLICATION, DISTRIBUTION, MANUFACTURE, AND COPYRIGHT NOTICE | |
| Place of production, publication, distribution, manufacture | México : |
| Name of producer, publisher, distributor, manufacturer | Fondo de Cultura Económica |
| Date of production, publication, distribution, manufacture, or copyright notice | 1963 |
| 300 ## - PHYSICAL DESCRIPTION | |
| Extent | 582 p. |
| Dimensions | 24 cm. |
| 505 ## - FORMATTED CONTENTS NOTE | |
| Formatted contents note | 1. Contabilidad del ingreso nacional - 2. Análisis del ingreso nacional – 3. Las cuentas de corrientes de fondos – 4. Los problemas de la estabilidad y del crecimiento - |
| 590 ## - LOCAL NOTE (RLIN) | |
| Local note | niveau_biblio:m niveau_hierar:0 |
| 942 ## - ADDED ENTRY ELEMENTS (KOHA) | |
| Koha item type | |
| Withdrawn status | Lost status | Damaged status | Not for loan | Home library | Current library | Shelving location | Date acquired | Total checkouts | Full call number | Barcode | Date last seen | Price effective from | Koha item type |
|---|---|---|---|---|---|---|---|---|---|---|---|---|---|
| Biblioteca Prof. Eusebio Cleto del Rey | Biblioteca Prof. Eusebio Cleto del Rey | 07/04/2026 | 330.56 P881 | L24323 | 07/04/2026 | 07/04/2026 | Libro | ||||||
| Biblioteca Prof. Eusebio Cleto del Rey | Biblioteca Prof. Eusebio Cleto del Rey | 07/04/2026 | 330.56 P881 | L24324 | 07/04/2026 | 07/04/2026 | Libro |